[Event "KNSB Meesterklasse 2023-2024"]
[Site "?"]
[Date "2023.10.07"]
[Round "2.2"]
[White "Warmerdam, Max"]
[Black "Van Liempt, Michael"]
[Result "1-0"]
[WhiteElo "2645"]
[BlackElo "2139"]
[PlyCount "55"]
[EventDate "2023.09.16"]
[EventType "team-tourn"]
[EventRounds "9"]
[EventCountry "NED"]
[WhiteTeam "Apeldoorn"]
[BlackTeam "De Waagtoren"]
[WhiteTeamCountry "NED"]
[BlackTeamCountry "NED"]

1. Nf3 Nf6 2. g3 d5 3. Bg2 g6 4. c4 c6 5. b3 Bg7 6. Bb2 O-O 7. O-O Qb6 8. Qc2
Bf5 9. d3 Na6 10. a3 Rfd8 11. Nbd2 Rac8 12. h3 h5 13. Rfc1 Bh6 14. Rd1 dxc4 15.
Nxc4 Qc7 16. e4 Be6 17. d4 Qd7 18. Nfe5 Qe8 19. Na5 Rc7 20. Bf1 Nb8 21. d5 Bc8
22. dxc6 Rxd1 23. Rxd1 b6 24. Bc4 e6 25. Nxg6 Bg7 26. Be5 Rxc6 27. Nxc6 Nxc6
28. Bb5 1-0

[Event "KNSB Meesterklasse 2023-2024"]
[Site "?"]
[Date "2023.10.07"]
[Round "2.3"]
[White "Konijn, Rob"]
[Black "Kuipers, Stefan"]
[Result "0-1"]
[WhiteElo "2092"]
[BlackElo "2448"]
[PlyCount "73"]
[EventDate "2023.09.16"]
[EventType "team-tourn"]
[EventRounds "9"]
[EventCountry "NED"]
[WhiteTeam "De Waagtoren"]
[BlackTeam "Apeldoorn"]
[WhiteTeamCountry "NED"]
[BlackTeamCountry "NED"]

1. e4 c6 2. d4 d5 3. exd5 cxd5 4. c4 Nf6 5. Nc3 Nc6 6. Bg5 Be6 7. Be2 Qa5 8.
Bf3 Rd8 9. c5 Ne4 10. Bd2 Qc7 11. Nge2 Bf5 12. Bf4 e5 13. dxe5 Bxc5 14. O-O Be6
15. Qa4 Nxc3 16. Nxc3 O-O 17. Rad1 d4 18. Nb5 Qd7 19. Be4 Bf5 20. Qc2 Bxe4 21.
Qxc5 Qf5 22. Bg3 Bd3 23. Nd6 Rxd6 24. Rxd3 Rd7 25. Rfd1 Rfd8 26. Qb5 h6 27. f3
Kh8 28. a4 a6 29. Qc5 Rd5 30. Qb6 R8d7 31. f4 a5 32. Qb3 Nb4 33. R3d2 d3 34.
Qc4 Rd4 35. Qc5 Nc6 36. Rc1 Rxa4 37. Rc4 0-1

[Event "KNSB Meesterklasse 2023-2024"]
[Site "?"]
[Date "2023.10.07"]
[Round "2.4"]
[White "Meurs, Tom"]
[Black "Vlaming, Jos"]
[Result "1-0"]
[WhiteElo "2274"]
[BlackElo "2050"]
[PlyCount "79"]
[EventDate "2023.09.16"]
[EventType "team-tourn"]
[EventRounds "9"]
[EventCountry "NED"]
[WhiteTeam "Apeldoorn"]
[BlackTeam "De Waagtoren"]
[WhiteTeamCountry "NED"]
[BlackTeamCountry "NED"]

1. e4 e6 2. d4 d5 3. Nd2 Nf6 4. e5 Nfd7 5. Bd3 c5 6. c3 Nc6 7. Ne2 cxd4 8. cxd4
f6 9. exf6 Nxf6 10. O-O Bd6 11. Nf3 Qc7 12. Bg5 O-O 13. Rc1 h6 14. Bd2 Bd7 15.
Ng3 Rae8 16. Bb1 Qb6 17. Bc3 e5 18. dxe5 Nxe5 19. Nd4 Nc4 20. b3 Na3 21. Bg6
Rd8 22. Ndf5 Nb5 23. Ba1 Bxf5 24. Nxf5 Ba3 25. Rc2 d4 26. Qd3 Rd7 27. Re1 Rfd8
28. Rce2 Qc5 29. Re5 Rd5 30. Ne7+ Qxe7 31. Rxe7 Bxe7 32. Rxe7 Rc5 33. g3 Nc7
34. Bb2 b6 35. b4 Rc6 36. Qb3+ Kh8 37. Qf7 Nce8 38. Bxd4 Rxd4 39. Rxe8+ Nxe8
40. Qxe8# 1-0

[Event "KNSB Meesterklasse 2023-2024"]
[Site "?"]
[Date "2023.10.07"]
[Round "2.5"]
[White "Reinderman, Dimitri"]
[Black "Van de Oudeweetering, Arthur"]
[Result "1-0"]
[WhiteElo "2578"]
[BlackElo "2269"]
[PlyCount "85"]
[EventDate "2023.09.16"]
[EventType "team-tourn"]
[EventRounds "9"]
[EventCountry "NED"]
[WhiteTeam "De Waagtoren"]
[BlackTeam "Apeldoorn"]
[WhiteTeamCountry "NED"]
[BlackTeamCountry "NED"]

1. e4 e5 2. Nc3 Nf6 3. d4 exd4 4. Qxd4 Nc6 5. Qd3 d5 6. Bf4 dxe4 7. Qxd8+ Kxd8
8. O-O-O+ Bd7 9. Bc4 Bd6 10. Bxd6 cxd6 11. Bxf7 Ne5 12. Bb3 Kc7 13. Nge2 Rae8
14. h3 Ng6 15. Rd4 Re5 16. Rhd1 Rg5 17. Ng3 Bc6 18. Nd5+ Nxd5 19. Bxd5 Rf8 20.
Bxc6 bxc6 21. Nxe4 Rxg2 22. Rxd6 Rf7 23. R6d4 Ne5 24. Ra4 Kb6 25. Rb4+ Kc7 26.
Nc5 Kc8 27. f4 Nd7 28. Nxd7 Rxd7 29. Rxd7 Kxd7 30. Rb7+ Kd6 31. Rxa7 h5 32. a4
Kc5 33. Ra5+ Kd4 34. Kb1 c5 35. Ra7 Rg3 36. a5 Rxh3 37. Rxg7 Re3 38. Rh7 Re6
39. Rxh5 Ra6 40. c3+ Kc4 41. Kc2 Rxa5 42. b3+ Kb5 43. Rxc5+ 1-0

[Event "KNSB Meesterklasse 2023-2024"]
[Site "?"]
[Date "2023.10.07"]
[Round "2.6"]
[White "Van Delft, Merijn"]
[Black "Bakker, Tycho"]
[Result "1-0"]
[WhiteElo "2367"]
[BlackElo "1866"]
[PlyCount "115"]
[EventDate "2023.09.16"]
[EventType "team-tourn"]
[EventRounds "9"]
[EventCountry "NED"]
[WhiteTeam "Apeldoorn"]
[BlackTeam "De Waagtoren"]
[WhiteTeamCountry "NED"]
[BlackTeamCountry "NED"]

1. e4 e5 2. Nf3 Nc6 3. Bb5 a6 4. Ba4 Nf6 5. O-O Be7 6. Re1 b5 7. Bb3 O-O 8. a4
Bb7 9. d3 d6 10. Nbd2 Nd7 11. c3 Nc5 12. axb5 axb5 13. Rxa8 Qxa8 14. Bc2 b4 15.
d4 bxc3 16. bxc3 Nd7 17. Nf1 Qa1 18. Ne3 Rb8 19. Nd5 Bd8 20. Ba4 Ra8 21. Bb5
Qa5 22. Bc4 Nb6 23. Nxb6 Qxb6 24. dxe5 Nxe5 25. Nxe5 dxe5 26. Qd7 Bf6 27. Qxf7+
Kh8 28. Bd5 Rd8 29. Bxb7 Qxb7 30. Qc4 Qb6 31. Be3 Qd6 32. g3 h6 33. h4 Qd7 34.
Qe2 Qc6 35. Qc2 Qc4 36. Bc1 Be7 37. Kg2 Bc5 38. Re2 Rd3 39. Bb2 Bb6 40. Ba1 Ba5
41. Qa2 Qc5 42. Rd2 Rxd2 43. Qxd2 Bb6 44. Qa2 Qc6 45. Qe2 Qa4 46. Bb2 Qa2 47.
Qd2 Qc4 48. Qc2 Bd4 49. h5 Kh7 50. Qd1 Bb6 51. Qf3 Kg8 52. Ba3 Qa2 53. Qf8+ Kh7
54. Bc5 Qa5 55. Qf5+ Kg8 56. Qe6+ Kh8 57. Qe8+ Kh7 58. Bf8 1-0

[Event "KNSB Meesterklasse 2023-2024"]
[Site "?"]
[Date "2023.10.07"]
[Round "2.7"]
[White "De Rover, Yong Hoon"]
[Black "Lammens, Tim"]
[Result "1-0"]
[WhiteElo "2324"]
[BlackElo "2234"]
[PlyCount "83"]
[EventDate "2023.09.16"]
[EventType "team-tourn"]
[EventRounds "9"]
[EventCountry "NED"]
[WhiteTeam "De Waagtoren"]
[BlackTeam "Apeldoorn"]
[WhiteTeamCountry "NED"]
[BlackTeamCountry "NED"]

1. d4 d5 2. c4 e6 3. Nf3 Nf6 4. Nc3 Nbd7 5. cxd5 exd5 6. Bf4 Bb4 7. Qc2 c5 8.
e3 Qa5 9. Nd2 cxd4 10. exd4 O-O 11. Be2 Re8 12. Nb3 Qd8 13. O-O Nb6 14. Nb5 Bf5
15. Qxf5 Rxe2 16. Qd3 Re4 17. Be5 Nbd7 18. Bc7 Qf8 19. a3 Be7 20. Bg3 Rg4 21.
h3 Rg6 22. Rae1 a6 23. Nc3 Rc8 24. Qf5 Nb6 25. Re2 Bxa3 26. bxa3 Rxc3 27. Nc5
h6 28. Rfe1 Rxc5 29. dxc5 Qxc5 30. Re7 Qxa3 31. Rxb7 Nc4 32. Ree7 Nd6 33. Bxd6
Qxd6 34. Rxf7 Rg5 35. Qd3 Ne4 36. h4 Nc5 37. Qf3 Rg6 38. Rbe7 Ne6 39. Re8+ Kh7
40. h5 Ng5 41. Qf5 Nxf7 42. Qxf7 1-0

[Event "KNSB Meesterklasse 2023-2024"]
[Site "?"]
[Date "2023.10.07"]
[Round "2.8"]
[White "Van Beek, Lucien"]
[Black "De Ruiter, Danny"]
[Result "1-0"]
[WhiteElo "2336"]
[BlackElo "2268"]
[PlyCount "53"]
[EventDate "2023.09.16"]
[EventType "team-tourn"]
[EventRounds "9"]
[EventCountry "NED"]
[WhiteTeam "Apeldoorn"]
[BlackTeam "De Waagtoren"]
[WhiteTeamCountry "NED"]
[BlackTeamCountry "NED"]

1. d4 Nf6 2. c4 g6 3. Nc3 d5 4. cxd5 Nxd5 5. e4 Nxc3 6. bxc3 Bg7 7. Be3 c5 8.
Qd2 O-O 9. d5 Qa5 10. Rc1 Rd8 11. Nf3 Nc6 12. Bh6 Bh8 13. h4 b5 14. h5 b4 15.
hxg6 hxg6 16. Bf8 Bf6 17. Qh6 bxc3 18. Bc4 c2+ 19. Nd2 Qc3 20. dxc6 Qxd2+ 21.
Qxd2 Rxd2 22. Kxd2 Bg5+ 23. Kxc2 Kxf8 24. Rh8+ Kg7 25. Rch1 f5 26. e5 f4 27.
R1h7# 1-0

[Event "KNSB Meesterklasse 2023-2024"]
[Site "?"]
[Date "2023.10.07"]
[Round "2.9"]
[White "Van Tellingen, Frank"]
[Black "Rijnaarts, Sjef"]
[Result "0-1"]
[WhiteElo "2279"]
[BlackElo "2258"]
[PlyCount "80"]
[EventDate "2023.09.16"]
[EventType "team-tourn"]
[EventRounds "9"]
[EventCountry "NED"]
[WhiteTeam "De Waagtoren"]
[BlackTeam "Apeldoorn"]
[WhiteTeamCountry "NED"]
[BlackTeamCountry "NED"]

1. e4 c5 2. Nf3 d6 3. d4 cxd4 4. Nxd4 Nf6 5. Nc3 a6 6. Bg5 Nbd7 7. Bc4 Qb6 8.
Bb3 e6 9. Qd2 Be7 10. O-O-O Nc5 11. f3 Bd7 12. Kb1 O-O-O 13. g4 Kb8 14. Be3 Bc8
15. g5 Nfd7 16. f4 Qc7 17. a3 b5 18. Rhe1 Bb7 19. Bf2 Rhe8 20. Ba2 Nb6 21. f5
Bf8 22. Bg3 e5 23. Ndxb5 axb5 24. Nxb5 Qc6 25. Qa5 Ba6 26. Nc3 Rd7 27. Bf2 Ra7
28. Qb4 Rb7 29. Qa5 Nca4 30. Nxa4 Nxa4 31. Bb3 Nc5 32. Qc3 Rc7 33. Bd5 Qb5 34.
Qd2 f6 35. Ka2 fxg5 36. c4 Qb3+ 37. Kb1 Bxc4 38. Qb4+ Qxb4 39. axb4 Bd3+ 40.
Kc1 Nb3# 0-1

[Event "KNSB Meesterklasse 2023-2024"]
[Site "?"]
[Date "2023.10.07"]
[Round "2.10"]
[White "Boel, Marcel"]
[Black "Geerke, Daan"]
[Result "1-0"]
[WhiteElo "2213"]
[BlackElo "2090"]
[PlyCount "79"]
[EventDate "2023.09.16"]
[EventType "team-tourn"]
[EventRounds "9"]
[EventCountry "NED"]
[WhiteTeam "Apeldoorn"]
[BlackTeam "De Waagtoren"]
[WhiteTeamCountry "NED"]
[BlackTeamCountry "NED"]

1. e4 c5 2. Nf3 d6 3. d4 cxd4 4. Nxd4 Nf6 5. Nc3 a6 6. h3 e5 7. Nde2 h5 8. g3
Nbd7 9. Bg2 b5 10. a4 b4 11. Nd5 Nxd5 12. exd5 a5 13. O-O Be7 14. c3 bxc3 15.
Nxc3 Ba6 16. Re1 h4 17. g4 Nc5 18. Nb5 O-O 19. Be3 Bxb5 20. axb5 Rc8 21. Ra3
Bg5 22. Bxg5 Qxg5 23. Rxa5 e4 24. Ra1 f5 25. gxf5 Rxf5 26. Qg4 Rcf8 27. Re2
Qxg4 28. hxg4 Rxd5 29. b6 Nb3 30. Ra7 Rb5 31. Rxe4 h3 32. Bxh3 Nd2 33. Ree7 Rg5
34. b7 Nf3+ 35. Kf1 Rc5 36. Ra8 Rc1+ 37. Ke2 Re1+ 38. Kd3 Rxe7 39. Rxf8+ Kxf8
40. b8=Q+ 1-0